00724 2200241 4500001002100000005001500021035002000036007000300056008003900059020001900098082000800117084001400125100003100139245008600170250001400256260004600270300004500316650004300361650002900404520001100433990001900444990001900463INLIS00000000000435420230824081449 a0010-0823000059ta230824 | | |  a978979353567-8 a031 a031 DOR d0 aDorling Kindersley Limited1 aDunia Hewan.7. Invertebrata :bEnsiklopedia Biologi /cDorling Kindersley Limited aCet. 2,-- aJakarta :bLentera Abadi Jakarta.,c2016. axxxiii+(524-612) :bilus. ;c21 x 29 cm. aPengalih Bahasa, Aswita Ratih Fitriani aPenyunting, Erry Sunarya aIndeks a13226/P/B/2016 a13212/P/B/2016